000 00856nas a2200277 4500
001 BR2012003170
003 BR-BrBNA
005 20231205120632.0
007 ta
008 230509b bl.|||p| |||| 00| 00por d
040 _aBR-BrBNA
_bpor
_cBiblioteca Nacional de Agricultura
041 _a(Pt)
072 _aJ12; K10; F03
100 1 _aMartins, L.
100 1 _aLago, A.A. do
100 1 _aCícero, S.M.
245 1 _aConservação de sementes de ipê-roxo
650 _aBIGNÔNIA
650 _aPROPAGAÇÃO
650 _aARMAZENAMENTO
650 _aSECAGEM
773 0 _tRevista Brasileira de Engenharia Agrícola e Ambiental (Brazil)
_xISSN 1807-1929
_g(Jan 2012), v.16(1) p. 108-112
_wBR2012003170
856 4 0 _uhttp://www.agriambi.com.br/revista/v16n01/v16n01a14.pdf
909 _a202311
_bLúcia
_c55
_dLúcia Elande
942 _2AGRIS
_n0
_cANA
999 _c219492
_d219492